Letter A - Statistics

General Stats
  • This quiz has been taken 6 times
  • The average score is 4 of 15
Answer Stats
Hint Answer % Correct
an insect ant
100%
an animal that eats ants anteater
83%
an animal that lives in grasslands antelope
50%
not concrete abstract
33%
applaud acclaim
33%
award of merit accolade
17%
excessive flattery adulation
17%
opponent adversary
17%
the heaviest element that starts with the letter a americium
17%
eating and drinking in moderation abstemious
0%
difficult to understand abstruce
0%
misfortune adversity
0%
argue in favor of advocate
0%
pertaining beauty aesthetic
0%
an animal that looks like a rabbit arrdvark
0%
No matching quizzes found
Score Distribution
Percent of People with Each Score
Percentile by Number Answered
Your Score History
You have not taken this quiz